000 00573nam a2200193Ia 4500
005 20250326141732.0
008 250326s9999 xx 000 0 und d
037 _aTextbook
040 _aFMSL
_beng
_cFMSL
041 _aeng
_2eng
084 _aSNI:68 N0
_qFMSL
100 _aPearson Judy Cornelia
_9590747
245 0 _aInterpersonal communication : concepts components & contexts
_cPearson Judy Cornelia; Spitzberg Brain H
250 _a2nd
260 _aUSA
_bUSA, WCB
_c1990
300 _a414p
942 _cTB
_hSNI:68 N0
999 _c1291718
_d1291718